000 00304nam a22001337a 4500
008 171020b xxu||||| |||| 00| 0 eng d
020 _a9780070530836
041 _aeng
080 _a337
100 _a54
101 _aMEN
245 _aINTEGRATING MANGED CARE ETHICS
_cHIEPLER.M.O
942 _2udc
_cBK
999 _c35028
_d35028